[Event "GER-ch Seniors 50 31st"]
[Site "Radebeul"]
[Date "2019.04.30"]
[Round "5"]
[White "Schoettker, Jochen"]
[Black "Mueller, Rudolf"]
[Result "0-1"]
[WhiteElo "1896"]
[BlackElo "2071"]
[PlyCount "68"]
[EventDate "2019.04.26"]
[EventType "swiss"]
[EventRounds "9"]
[EventCountry "GER"]
[SourceTitle "CBM 190 Extra"]
[Source "ChessBase"]
[SourceDate "2019.07.15"]
[SourceVersion "1"]
[SourceVersionDate "2019.07.15"]
[SourceQuality "1"]

1. Nf3 b6 2. g3 Bb7 3. Bg2 e6 4. 0-0 f5 5. d4 Nf6 6. c4 Be7 7. b3 0-0 8. e3 Ne4 9. Nfd2 Na6 10. Nxe4 fxe4 11. a3 d5 12. Nd2 c5 13. Bb2 Bf6 14. Qe2 Rc8 15. Rfd1 Qe8 16. Rac1 Qf7 17. Bc3 Be7 18. Bb2 cxd4 19. Bxd4 Bxa3 20. Ra1 Bb4 21. f4 exf3 22. Nxf3 Bd6 23. cxd5 Bxd5 24. Rxa6 Bxf3 25. Qxf3 Qxf3 26. Bxf3 Rxf3 27. Rxa7 Bf8 28. Kg2 Rf5 29. g4 Rc2+ 30. Kg1 Rff2 31. e4 Rg2+ 32. Kf1 Rxh2 33. Bxb6 Rh1+ 34. Bg1 Rxg1+ 0-1

[Event "GER-ch Seniors 50 31st"]
[Site "Radebeul"]
[Date "2019.04.29"]
[Round "4"]
[White "Lehr, Thomas"]
[Black "Schoettker, Jochen"]
[Result "1/2-1/2"]
[WhiteElo "1902"]
[BlackElo "1896"]
[PlyCount "47"]
[EventDate "2019.04.26"]
[EventType "swiss"]
[EventRounds "9"]
[EventCountry "GER"]
[SourceTitle "CBM 190 Extra"]
[Source "ChessBase"]
[SourceDate "2019.07.15"]
[SourceVersion "1"]
[SourceVersionDate "2019.07.15"]
[SourceQuality "1"]

1. e4 e6 2. d4 d5 3. Nd2 Nf6 4. e5 Nfd7 5. Bd3 c5 6. c3 b6 7. Ne2 Ba6 8. Bxa6 Nxa6 9. 0-0 Be7 10. f4 f5 11. exf6 Bxf6 12. f5 Nc7 13. fxe6 Nxe6 14. Nf3 0-0 15. Nf4 Nxf4 16. Bxf4 Re8 17. Qd2 cxd4 18. cxd4 b5 19. Rac1 Rc8 20. Rxc8 Qxc8 21. Rc1 Qa6 22. Rc7 Nf8 23. a3 Ne6 24. Rc1 1/2-1/2

[Event "GER-ch Seniors 50 31st"]
[Site "Radebeul"]
[Date "2019.04.28"]
[Round "3"]
[White "Schoettker, Jochen"]
[Black "Steiger, Michael"]
[Result "0-1"]
[WhiteElo "1896"]
[BlackElo "1982"]
[PlyCount "72"]
[EventDate "2019.04.26"]
[EventType "swiss"]
[EventRounds "9"]
[EventCountry "GER"]
[SourceTitle "CBM 190 Extra"]
[Source "ChessBase"]
[SourceDate "2019.07.15"]
[SourceVersion "1"]
[SourceVersionDate "2019.07.15"]
[SourceQuality "1"]

1. Nf3 c5 2. e4 e6 3. d3 d5 4. Nbd2 Nc6 5. g3 Bd6 6. Bg2 Nge7 7. 0-0 0-0 8. Re1 Qc7 9. c3 Bd7 10. Qc2 f6 11. h4 b5 12. Nf1 d4 13. h5 a5 14. Nh4 Kh8 15. f4 Rad8 16. Nh2 dxc3 17. bxc3 b4 18. Bd2 bxc3 19. Bxc3 Nd4 20. Qd2 Nec6 21. Qd1 Ne7 22. N4f3 Nec6 23. Nh4 Ne7 24. N2f3 Be8 25. e5 fxe5 26. fxe5 Bxh5 27. exd6 Qxd6 28. Bxd4 cxd4 29. Qb3 Nd5 30. Kh2 Ne3 31. Qb5 e5 32. Rac1 Rb8 33. Qxe5 Ng4+ 34. Kg1 Nxe5 35. Nxe5 g5 36. Rc6 Qb4 0-1

[Event "GER-ch Seniors 50 31st"]
[Site "Radebeul"]
[Date "2019.04.26"]
[Round "1"]
[White "Schoettker, Jochen"]
[Black "Proschmann, Tino"]
[Result "1/2-1/2"]
[WhiteElo "1896"]
[BlackElo "2116"]
[PlyCount "107"]
[EventDate "2019.04.26"]
[EventType "swiss"]
[EventRounds "9"]
[EventCountry "GER"]
[SourceTitle "CBM 190 Extra"]
[Source "ChessBase"]
[SourceDate "2019.07.15"]
[SourceVersion "1"]
[SourceVersionDate "2019.07.15"]
[SourceQuality "1"]

1. b4 e5 2. a3 d5 3. Bb2 Bd6 4. e3 Nf6 5. Nf3 Qe7 6. d4 Nbd7 7. c4 dxc4 8. Bxc4 0-0 9. h3 e4 10. Nfd2 Nb6 11. Be2 Nfd5 12. Nc3 Nxc3 13. Bxc3 Nd5 14. Bb2 f5 15. Qb3 Be6 16. Bc4 c6 17. g3 g5 18. h4 b5 19. Bxd5 Bxd5 20. Qd1 f4 21. gxf4 gxf4 22. Qg4+ Kh8 23. 0-0-0 a5 24. bxa5 Rxa5 25. Nb1 fxe3 26. fxe3 Rf2 27. Qc8+ Qf8 28. Qxf8+ Rxf8 29. Rdf1 Raa8 30. Kd2 b4 31. axb4 Bxb4+ 32. Kc2 Rxf1 33. Rxf1 Kg7 34. Rf5 Kg6 35. Rg5+ Kh6 36. Nc3 Rd8 37. Rg4 Be6 38. Rf4 Be7 39. Nxe4 Rf8 40. Rxf8 Bxf8 41. Ng5 Bd7 42. e4 Kg6 43. Kd3 Bg4 44. d5 cxd5 45. exd5 h6 46. Ne4 Be7 47. d6 Bxh4 48. Nc5 Bf5+ 49. Ke3 Bg5+ 50. Kf3 Kf7 51. Be5 Ke8 52. Ne4 Bd8 53. Kf4 Bc8 54. Nf6+ 1/2-1/2

[Event "GER-ch Seniors 50"]
[Site "Hamburg"]
[Date "2018.07.28"]
[Round "8"]
[White "Rieke, Theo"]
[Black "Schoettker, Jochen"]
[Result "1/2-1/2"]
[WhiteElo "2022"]
[BlackElo "1884"]
[PlyCount "29"]
[EventDate "2018.07.21"]
[EventType "swiss"]
[EventRounds "9"]
[EventCountry "GER"]
[SourceTitle "CBM 186 Extra"]
[Source "ChessBase"]
[SourceDate "2018.08.24"]
[SourceVersion "1"]
[SourceVersionDate "2018.08.24"]
[SourceQuality "1"]

1. Nf3 f5 2. g3 g6 3. Bg2 Bg7 4. 0-0 d6 5. d4 Nf6 6. c4 0-0 7. Nc3 e6 8. Bg5 h6 9. Bxf6 Bxf6 10. e4 Nc6 11. exf5 exf5 12. Qd2 g5 13. d5 Ne5 14. Nxe5 dxe5 15. c5 1/2-1/2